| 000 | 00391nam a22001577a 4500 | ||
|---|---|---|---|
| 003 | OSt | ||
| 008 | 220511b ||||| |||| 00| 0 eng d | ||
| 020 | _a9780070151420 | ||
| 100 | _aMILLMAN,Jacob | ||
| 245 | _aIntegrated Electronics: Analog and Digital Circuits and Systems | ||
| 250 | _aRep | ||
| 260 |
_aNew Delhi _bTMH _c2019 |
||
| 300 | _a858 | ||
| 650 | _aB.Ted ECE | ||
| 942 |
_2ddc _cBK |
||
| 999 |
_c11195 _d11195 |
||